Khâm định Đại Nam hội điển sự lệ. t. III /
Wedi'i Gadw mewn:
| Awdur Corfforaethol: | |
|---|---|
| Awduron Eraill: | |
| Fformat: | Sách giấy |
| Iaith: | Vietnamese |
| Cyhoeddwyd: |
Huế :
Thuận hoá,
1993
|
| Tagiau: |
Ychwanegu Tag
Dim Tagiau, Byddwch y cyntaf i dagio'r cofnod hwn!
|
| Thư viện lưu trữ: | Thư viện Trường Đại học Đà Lạt |
|---|
| LEADER | 00637nam a2200253 4500 | ||
|---|---|---|---|
| 001 | DLU020017716 | ||
| 005 | ##4/20/2001 | ||
| 020 | # | # | |a 978- |
| 041 | # | # | |a vie |
| 082 | # | # | |a 959.703 |b NOI |
| 110 | # | # | |a Nội Các Triều Nguyễn |
| 245 | # | # | |a Khâm định Đại Nam hội điển sự lệ. |n t. III / |c Nội Các Triều Nguyễn |
| 260 | # | # | |a Huế : |b Thuận hoá, |c 1993 |
| 300 | # | # | |a 420 tr.; |c 21 cm. |
| 700 | # | # | |a Nguyễn Thế Đạt |
| 992 | # | # | |a 37000 |
| 994 | # | # | |a DLU |
| 900 | # | # | |a False |
| 911 | # | # | |a Administrator |
| 925 | # | # | |a G |
| 926 | # | # | |a A |
| 927 | # | # | |a SH |
| 980 | # | # | |a Thư viện Trường Đại học Đà Lạt |